Les 10 pays producteurs de vin les plus importants - Sudden Death - Statistiques

Statistiques générales
  • Ce quiz a été pris 81 fois
  • Le résultat moyen est 5 sur 10
Answers on the Grid
Answers color-coded by a green-red scale on the quiz's grid according to % correct below.
Grèce
Autriche
Luxembourg
Italie
France
Andorre
Pays-Bas
Suisse
Hongrie
Espagne
Chine
États-Unis
Australie
Argentine
Roumanie
Bulgarie
Afrique du Sud
Chili
Inde
Colombie
Costa Rica
Portugal
Thaïlande
Nouvelle-Zélande
Japon
 
Statistiques - réponses
Réponse % Correct
France
98%
Italie
76%
Espagne
64%
États-Unis
64%
Argentine
56%
Australie
42%
Chine
37%
Afrique du Sud
34%
Chili
31%
Portugal
31%
Aucun quiz correspondant
Distribution des résultats
% des personnes avec chaque résultat
Percentile par nombre de réponses
Votre historique - résultats
Vous n’avez pas pris ce quiz